000 00903nam a2200265Ia 4500
005 20220718113354.0
008 210716s2016 xx 000 0 und d
020 _a9789332570436
040 _cAIMIT LIBRARY
041 _aeng
082 _a005.7681
_21
_bTRUG
100 _aTrujillo, George J.
_950562
245 _aVirtualizing hadoop :
_bhow to install deploy and optimize hadoop in a virtualized architecture /
_cBy George J Trujillo...[et.al].
250 _a1st ed.
260 _aNew Delhi :
_bPearson Education ,
_c2016.
300 _axxiv, 454p. ;
_c23 cm.
650 _aIntroduction to hadoop
_950563
650 _aVirtualizing hadoop
_950564
650 _aIntroduction to virtualization
_950565
700 _aKim, Charles.
_950566
700 _aJones, Steven.
_950567
700 _aGarcia, Rommel.
_950568
700 _aMurray, Justin.
_950569
942 _2ddc
_cBK
_e1st
_k005.7681 TRUG
999 _c196501
_d196501